Economics of the real world

محفوظ في:
التفاصيل البيبلوغرافية
المؤلف الرئيسي: Donaldson, Peter
التنسيق: كتاب
اللغة:Undetermined
منشور في: London Penguin Books 1977
الموضوعات:
الوسوم: إضافة وسم
لا توجد وسوم, كن أول من يضع وسما على هذه التسجيلة!
Thư viện lưu trữ: Trung tâm Học liệu Trường Đại học Cần Thơ
LEADER 00434nam a2200169Ia 4500
001 CTU_79318
008 210402s9999 xx 000 0 und d
082 |a 330 
082 |b D676 
100 |a Donaldson, Peter 
245 0 |a Economics of the real world 
245 0 |c Peter Donaldson 
260 |a London 
260 |b Penguin Books 
260 |c 1977 
650 |a Economics 
980 |a Trung tâm Học liệu Trường Đại học Cần Thơ